000 00505nam a2200157 4500
001 144120
003 ES-MaACL
005 20230906200940.0
007 t|
008 070214s1946 mx r ||||1| spa d
100 1 _aSidaoni, Alberto.
_9106200
245 1 0 _aTeoría general de las obligaciones en el Derecho del Trabajo
_b: (notas para un ensayo) /
_cAlberto Sidaoni.
260 _aMéxico :
_bEditora Mexicana Elysan,
_c1946.
300 _aXVI, 399 p. ;
_c23 cm.
852 _aES-MaACL
_jC-4481
_bR.24367
999 _c144120
_d144120